000 00579nab a2200205 a 4500
005 20210219155125.0
008 991125s1985 mx 000 0 spa u
035 _aUPN01000138954
100 1 _aCummins, Jim
222 _aREVISTA DE EDUCACION
245 _a¿ Qué sabemos de educación bilingüe? : perspectivas psicolingüisticas y sociológicas
260 _aMadrid, España
300 _a37-61
362 0 _a2001 No. 326, sept.-dic.
653 0 _aEDUCACION BILINGÜE
653 0 _aNIÑOS
653 0 _aFRACASO ESCOLAR
653 0 _aMINORIAS
905 _aArticulo
999 _c111102
_d111102